Normal view
MARC view
- Agricultura y estado
Entry Materia
001 - NÚMERO DE CONTROL DEL REGISTRO
- campo de control: 2204
003 - IDENTIFICADOR DE NUMERO DE CONTROL
- campo de control: MX-MxUPN
005 - FECHA Y HORA DE LA ÚLTIMA TRANSACCIÓN
- campo de control: 20231012102658.0
008 - DATOS DE LONGITUD FIJA
- campo de control de longitud fija: 231012dn fnnnnbabd n ana |d
035 ## - NÚMERO DE CONTROL DEL SISTEMA
- Número de control del sistema: UPN10000002204
040 ## - FUENTE DE LA CATALOGACIÓN
- Lengua de catalogación: spa
- Centro catalogador de origen: MX-MxUPN
150 ## - ENCABEZAMIENTO - TEMÁTICO
- Término de materia o nombre geográfico como elemento inicial: Agricultura y estado
- Subdivisión geográfica: México
670 ## - FUENTE EN LA QUE SE LOCALIZARON DATOS
- Cita de la fuente: Escamilla González, G. Lista de encabezamientos de materia, 1978 :
- Información localizada: página 24 (Agricultura y estado -- México)
902 ## - CATALOGADOR
- Catalogador: MMA/070900
- Catalogador: VíctorGodínez/121023
